Bezkontaktní platby v měnícím se světě

Široké spektrum možností a nástrojov bezkontaktných platieb. Bezkontaktné platobné karty využívané aj mobilnými operátormi. Telefóny s podporou čipu NFC(Nier Field Communication). Skúsenosti z krajín, kde je technológia bezkontaktného platenia najviac rozšírená (napríklad Japonsko).

Guardado en:
Detalles Bibliográficos
Autor principal: Machala, Karel
Formato: Capítulo de libro
Lenguaje:checo
Materias:
Etiquetas: Agregar Etiqueta
Sin Etiquetas, Sea el primero en etiquetar este registro!

MARC

LEADER 00000nla a2200000 4500
001 0161756
005 20231211082322.4
041 0 |a cze 
044 |a CZ 
245 1 0 |a Bezkontaktní platby v měnícím se světě  |c Karel Machala 
520 |a Široké spektrum možností a nástrojov bezkontaktných platieb. Bezkontaktné platobné karty využívané aj mobilnými operátormi. Telefóny s podporou čipu NFC(Nier Field Communication). Skúsenosti z krajín, kde je technológia bezkontaktného platenia najviac rozšírená (napríklad Japonsko). 
610 2 0 |a bankovníctvo 
610 2 0 |a banky 
610 2 0 |a platby bezhotovostné 
610 2 0 |a styk platobný bezhotovostný 
610 2 0 |a karty čipové 
610 2 0 |a identifikácia vysokofrekvenčná 
100 1 |a Machala, Karel